| 000 | 00838nam a2200217Ii 4500 | ||
|---|---|---|---|
| 003 | JO-AjNU | ||
| 008 | 230605s9999||||xx |||||||||||||| ||und|| | ||
| 017 | _a1988/12/755 | ||
| 040 |
_aJO-AjNU _bara _erda _cJO-AjNU |
||
| 041 | _aara | ||
| 050 | 1 | 4 | _aBP131.6.O8748 1989 |
| 100 | 3 |
_aمراد، عثمان سليمان ؛ إعدادوتنفيذ سعيد حسن سمور ؛ تحقيق وتعليق أحمد حسين علي, _eauthor _956361 |
|
| 245 | 0 | 0 | _aالسلسبيل الشافي في أحكام التجويد الوافي |
| 250 | _aط4/مزيدة ومنقحة | ||
| 264 | 3 | 1 | _aعمان: جمعية عمال المطابع، 1988 |
| 300 | _a199ص | ||
| 336 |
_atext _btxt _2rdacontent |
||
| 337 |
_aunmediated _bn _2rdamedia |
||
| 338 |
_avolume _bnc _2rdacarrier |
||
| 650 | 4 |
_aالقرآن الكريم- التجويد _956362 |
|
| 999 |
_aA25193 _c28761 _d28761 |
||